Statistics for One Word Celebrities by Picture #1

Click here to take the quiz!

General Stats

  • This quiz has been taken 171 times
  • The average score is 7 of 11

Answer Stats

Answer% Correct
Rihanna
94%
Madonna
87%
Eminem
77%
Pitbull
77%
Bono
74%
Sting
65%
Seal
63%
Slash
50%
Pele
49%
Buckethead
11%
Tiffany
6%

Score Distribution

Percentile by Number Answered

Percent of People with Each Score

Your Score History

You have not taken this quiz